Some new species and records of north american Scarabaeidae (Coleoptera) (Registro nro. 13367)

Detalles MARC
000 -CABECERA
Campo de control 003880000a22001210004500
090 ## - CLASIFICACIÓN LOCAL
Colección AR
Consecutivo 04270
041 0# - IDIOMA
Código de idioma para texto/pista de sonido o título separado
100 1# - ASIENTO PRINCIPAL--NOMBRE PERSONAL
Nombre personal Howden, Henry F
245 10 - MENCION DE TITULO
Título Some new species and records of north american Scarabaeidae (Coleoptera)
500 ## - NOTA GENERAL
Nota general <Literatura de escarabajos coprófagos>
773 1# - Item fuente:
Título Entomological Society of Washington
Descripción física 6
Paginas del Articulo 257-264
Lugar, editorial y fecha de publicación 1955
Información sobre la relación 57
942 ## - ELEMENTOS ADICIONALES (KOHA)
Tipo de ítem Artículo
Existencias
Withdrawn status Lost status Damaged status No para préstamo Colección Ubicación Permanente Ubicación actual Fecha de adquisición Datos de publicación Seriada Total Checkouts Número topográfico Inventario / Código de Barras Date last seen Ejemplar Price effective from Forma de adquisición Tipo de material
      No para Préstamo Hemeroteca Bogotá Bogotá 17/11/2006 Fuera de circulación   AR 04270 023713 25/03/2015 1 25/03/2015   Artículo